000 00839nam a2200241Ia 4500
003 OSt
005 20220925223957.0
006 a|||||r|||| 00| 0
007 ta
008 220923b |||||||| |||| 00| 0 eng d
020 _a9780415738507
_c7293.4399999999996
037 _b110944, 29/08/2017, International Book Distrobutors
_cGeneral Book
040 _aRTL
_cRTL
_beng
041 _2eng
_aeng
082 _aX, Q7
100 _aMADRA Yahya M
_9290652
245 0 _aLate neoclassical economics
_b The restoration of theoretical humanism in contemporary economic theory
260 _aLondon
_bRoutledge
_c2017
300 _axi,206p
_ccm.
490 _aEconomic research series No. 45
942 _hX, Q7
_cGB
_2CC
999 _c580759
_d580759